000 01763nam a22004575ia4500
003 EG-ScBUE
005 20250528100542.0
008 110522t2002 njua f bd 001 0 eng d
020 _a0130585149 (volume 2)
020 _a9780130585141 (volume 2)
020 _a0130585130 (volume 1)
020 _a9780130585134 (volume 1)
040 _aEG-ScBUE
_beng
_erda
_cEG-ScBUE
_dEG-ScBUE
082 0 4 _a516
_bGEO
_222
245 0 0 _aGeometry /
_cZalman Usiskin [and seven others]
250 _aSecond edition.
250 _aTeacher's edition.
264 1 _aUpper Saddle River, New Jersey :
_bPrentice-Hall, Inc.,
_c[2002]
264 4 _cc2002
300 _a2 volumes (various pagings) :
_bcolor illustrations ;
_c26 cm.
336 _2rdacontent
_atext
_btxt
337 _aunmediated
_2rdamedia
_bn
338 _avolume
_bnc
_2rdacarrier
490 0 _aThe University of Chicago School mathematics project
500 _aIncludes glossary.
500 _a"The University of Chicago School Mathematics Project".
500 _aCover : "Enhanced Integration and connections - Warm-ups and Extensions - Optional Activities - Cooperative Learning Suggestions - Ongoing Assessment - Professional Sourcebook".
504 _aIncludes bibliographical references and index.
505 0 _aPart 1. chapters 1-7 -- Part 2. chapters 8-14.
650 7 _aGeometry.
_924013
_2BUEsh
655 _vReading book
700 1 _aUsiskin, Zalman,
_eauthor.
700 1 _aHirschhorn, Daniel,
_eauthor.
700 1 _aCoxford, Arthur,
_eauthor.
700 1 _aHighstone, Virginia,
_eauthor.
700 1 _aLewellen, Hester,
_eauthor.
700 1 _aOppong, Nicholas,
_eauthor.
700 1 _aDiBianca, Richard,
_eauthor.
700 1 _aMaeir, Merilee,
_eauthor.
942 _2ddc
_cBB
999 _c4301
_d4301